000 00800 a2200217 4500
005 20250417094231.0
020 _a9781447466932
050 0 0 _aSB405
_bHEN 1874
100 1 _aHenderson, Peter,
_d1822-1890. [from old catalog]
_eauthor
245 0 0 _aPractical floriculture :
_ba guide to the successful cultivation of florists' plants, for the amateur and professional florist /
_cPeter Henderson
250 _aNew and enl. ed
264 _aNew York :
_bJudd,
_c1874.
300 _a325pages :
_billustrations;
336 _2rdacontent
_atext
_btxt
337 _2rdamedia
_aunmediated
_bn
338 _2rdacarrier
_avolume
_bnc
504 _aIncludes index
650 0 _aFloriculture.
856 4 1 _uhttp://hdl.loc.gov/loc.gdc/scd0001.00009095731
942 _2lcc
_cBK
_eNew and enlarged edition
_h405
_iHEN
_kSB
999 _c5812
_d5812